000 01342cam a2200229 4500
001 ABS66597
008 030430n2003 000 0 eng u
035 _a(Sirsi) u122144
100 _aShaw, E.
245 _aLearn how to administer CPR
260 _c2003
490 _aEstates Gazette
_v(0316) 19 April 2003, 94-95(2)
520 _aExamines the latest edition of the RICS guidance note on dilapidations. Explains that it gives guidance on preparing, serving and responding to claims for dilapidations. The new Civil Procedure Rules had a major impact on the way that dilapidation claims are processed with many of the old pre-CPR attitudes no longer appropriate. Looks at the pre-action protocols and the costs which may not follow the event. This has important implications for the preparation of the schedule as there is a potential breach of contract if it is not done properly. Comments that a high standard of dialogue between the parties' surveyors is crucial to ensure that the focus is only on the matters on which the parties truly disagree, not simply misunderstandings.
590 _aABS
650 _aDILAPIDATIONS CLAIMS
650 _aDILAPIDATIONS DISPUTES
650 _aCIVIL PROCEDURE RULES
650 _aSCHEDULE OF DILAPIDATIONS
690 _aDispute resolution
_96236
700 _aVivien, K.
942 _n0
999 _c72588
_d72588